| 000 | 01187cam a22003617a 4500 | ||
|---|---|---|---|
| 003 | CHAP | ||
| 005 | 20220329141150.0 | ||
| 008 | 971010s1983 r 00010 d | ||
| 010 | _a63710 | ||
| 011 | _a64682 | ||
| 035 | _a70695 | ||
| 040 | _cCHAP | ||
| 082 |
_a634 _bO2 |
||
| 100 | 0 | 0 |
_aO'Brien, Michael. _982329 |
| 245 | 0 | _aPrinciples & practices for harvesting & handling fruits and nuts | |
| 260 |
_aWestport, Conn. : _bAVI, _c1983 |
||
| 300 |
_a636 p. _b: ilus |
||
| 590 |
_aBATCH-UPD _b10 _c20130110 _lUCH01 _h0449 |
||
| 590 |
_aBATCH-UPD _b10 _c20130110 _lUCH01 _h2204 |
||
| 590 |
_aBATCH-UPD _b10 _c20130410 _lUCH01 _h0126 |
||
| 590 |
_aBATCH-UPD _b10 _c20130914 _lUCH01 _h0845 |
||
| 590 |
_aCONVERSION _b10 _c20130109 _lUCH01 _h1334 |
||
| 650 | 1 | 4 |
_aFruta _xRecolección. _943656 |
| 650 | 1 | 4 |
_aMaíz. _970848 |
| 650 | 1 | 4 |
_aMaquinaria agrícola. _971151 |
| 700 | 0 |
_aCargill, Burton F. _918951 |
|
| 700 | 0 |
_aFradley, Robert B. _942832 |
|
| 901 | _aBK | ||
| 942 | _cLIBRO | ||
| 949 |
_a634 O2 _bBC _cLIBRO _d33724000202149 _eLIBRO _gI. 125893 _h65197 _i70695 _si |
||
| 949 |
_a634 O2 _bIA _cLIBRO _d-3077 _eLIBRO _h3436 _i70695 _si |
||
| 949 |
_a634 O2 _bMA _cLIBRO _d-1542 _eLIBRO _h1494 _i70695 _si |
||
| 999 |
_c63710 _d63710 |
||